000 00666nam a2200121Ia 4500
008 171212s9999 xx 000 0 und d
100 _aDutton, George
245 _cDutton, George
_aVietnamese Moses
_bPhiliphe Binh and the Geographies of Early Modern Catholicism
260 _bUniversity of California Press
_c2017
650 _aBỉnh, Philiphê, 1759-1833; Catholics -- Vietnam -- Biography; Catholic Church -- Vietnam -- History -- 18th century; Catholic Church -- Vietnam -- History -- 19th century; Vietnam -- Church history -- 18th century; Vietnam -- Church history -- 19th centur
650 _aHistory
856 _uhttp://jstor.org/stable/10.1525/j.ctt1kc6k5r
999 _c352986
_d352986